Sunday morning. Flashpoint. The way home /

This segment of Sunday Morning is about reporter Kimberly Dozier and two American service women, all who were injured in Iraq.

Bibliographic Details
Other Authors: Orvedahl, Reid (Producer), Dozier, Kimberly (Reporter)
Format: Video
Language:English
Language Notes:In English.
Published: New York, NY : Columbia Broadcasting System, 2007.
Series:Academic Video Online
Subjects:
Online Access:Connect to this streaming video (Alexander Street Press)

MARC

Tag First Indicator Second Indicator Subfields
LEADER 00000cgm a2200000Mi 4500
001 in00005539613
006 m o c
007 cr |n||||||||a
007 vz |za|z|
008 160614s2007 nyu011 e o vleng d
005 20241201225758.5
035 |a (OCoLC)ocn954041821 
040 |a ALSTP  |b eng  |e rda  |e pn  |c ALSTP  |d OCLCO  |d MERER  |d OCLCQ  |d CAUOI  |d OCLCF  |d INT  |d OCLCQ  |d WYU  |d OCL  |d OCLCO  |d OCLCL  |d NUI 
019 |a 1430855940  |a 1443968752 
035 |a (OCoLC)954041821  |z (OCoLC)1430855940  |z (OCoLC)1443968752 
043 |a n-us--- 
049 |a TXAM 
245 0 0 |a Sunday morning.  |p Flashpoint.  |p The way home /  |c producer, Reid Orvedahl. 
246 1 0 |a Way home 
246 3 |a War :  |b Kimberly Dozier 
264 1 |a New York, NY :  |b Columbia Broadcasting System,  |c 2007. 
300 |a 1 online resource (11 min.) 
306 |a 001100 
336 |a two-dimensional moving image  |b tdi  |2 rdacontent 
337 |a video  |b v  |2 rdamedia 
337 |a computer  |b c  |2 rdamedia 
338 |a other  |b vz  |2 rdacarrier 
338 |a online resource  |b cr  |2 rdacarrier 
347 |a data file  |2 rda 
490 0 |a Academic Video Online 
500 |a Title from resource description page (viewed June 14, 2016). 
520 |a This segment of Sunday Morning is about reporter Kimberly Dozier and two American service women, all who were injured in Iraq. 
546 |a In English. 
650 0 |a Women soldiers  |x Wounds and injuries  |z United States. 
650 0 |a Iraq War, 2003-2011. 
650 6 |a Femmes militaires  |x Lésions et blessures  |z États-Unis. 
650 6 |a Guerre en Irak, 2003-2011. 
651 7 |a Iraq.  |2 fast  |0 (OCoLC)fst01205757  |1 https://id.oclc.org/worldcat/entity/E39PBJtCBPBdMfmXtd4M8cvJXd 
651 7 |a United States.  |2 fast  |0 (OCoLC)fst01204155  |1 https://id.oclc.org/worldcat/entity/E39PBJtxgQXMWqmjMjjwXRHgrq 
647 7 |a Iraq War  |d (2003-2011)  |2 fast  |0 (OCoLC)fst01802311  |1 https://id.oclc.org/worldcat/entity/E39Qhp4vB9BhJhQKkFHjttcwXm 
648 7 |a 2003-2011  |2 fast 
655 4 |a Online media. 
655 7 |a Television news programs.  |2 fast  |0 (OCoLC)fst01710455 
655 7 |a Television news programs.  |2 lcgft 
655 7 |a Téléjournaux.  |2 rvmgf 
700 1 |a Orvedahl, Reid,  |e producer. 
700 1 |a Dozier, Kimberly,  |e reporter. 
710 2 |a CBS News,  |e production company. 
856 4 0 |u http://proxy.library.tamu.edu/login?url=https://www.aspresolver.com/aspresolver.asp?MARC;3167136  |z Connect to this streaming video (Alexander Street Press)  |t 0 
955 |a Alexander Street Press subscription streaming video 
994 |a 92  |b TXA 
999 f f |s 696317cf-d0bf-4da8-af41-ee720e701e8c  |i 3ded78a3-1b41-42f9-b5ba-159d8124391d  |t 0 
952 f f |a Texas A&M University  |b College Station  |c Electronic Resources  |d Available Online  |t 0  |h Library of Congress classification 
998 f f |t 0  |l Available Online